| 000 | 01116nmm a2200325 a 4500 | ||
|---|---|---|---|
| 001 | ocm0002015855 | ||
| 003 | TR-IsHL | ||
| 005 | 20201028181037.0 | ||
| 008 | 181229s2016 tu tur | ||
| 007 | cr cn | ||
| 020 | _a9786059241427 | ||
| 035 |
_a2015855 _b(N$T) |
||
| 050 | 0 | 4 |
_aPL248.H57 _bZ651 2016 |
| 090 | 0 | 4 |
_aPL248.H57 _bZ651 2016 |
| 100 | 1 | _aUysal, Sermet Sami | |
| 245 | 1 | 0 |
_aBir Abdülhak Şinasi Hisar vardı _h[electronic resource] / _cSermet Sami Uysal ; yayına hazırlayan Hulusi Özbay |
| 250 | _a1. Basım | ||
| 260 |
_aİstanbul : _bBilge Kültür Sanat, _c2016 |
||
| 300 | _a544 p. | ||
| 500 | _aKaynakça var. | ||
| 650 | 4 | _aDil ve Edebiyat | |
| 650 | 4 | _aLanguage and Literature | |
| 650 | 0 |
_aHisar, Abdülhak Şinasi _x Biyografi |
|
| 650 | 0 |
_aHisar, Abdülhak Şinasi _x Biography |
|
| 650 | 0 |
_aTürk edebiyatı _x Anılar |
|
| 650 | 0 |
_aTurkish literature _x Memories |
|
| 650 | 7 |
_aLITERARY CRITICISM / Middle Eastern _2bisacsh |
|
| 700 | 1 | _aÖzbay, Hulusi | |
| 856 | 4 | 0 | _uhttp://search.ebscohost.com/login.aspx?direct=true&scope=site&db=e011xww&AN=2015855 |
| 999 |
_c19423 _d19423 |
||